Catalog

Record Details

Catalog Search



The new layman's parallel Bible. Cover Image Book Book

The new layman's parallel Bible.

Record details

  • Physical Description: xiii, 3037 pages
  • Publisher: Grand Rapids, Michigan : Zondervan Bible Publishers, 1973.

LDR 00604cam a2200181 4500
001122170
003CONS
00520140703073259.0
008 000 0 eng
010 . ‡a 73015435
035 . ‡a(CPomAG)LMN475796
1300 . ‡aBible.
245 4. ‡aThe new layman's parallel Bible.
260 . ‡aGrand Rapids, Michigan : ‡bZondervan Bible Publishers, ‡c1973.
300 . ‡axiii, 3037 pages
7404 . ‡aThe layman's parallel Bible.
959 . ‡i32269000138977 ‡l220 Gui ‡aAdult - Nonfiction ‡tNonFiction ‡g21.80
852 . ‡p32269000138977 ‡j220 Gui ‡gAdult - Nonfiction ‡cNonFiction ‡y21.80 ‡bSBPL
901 . ‡a122170 ‡bUnknown ‡c122170 ‡tbiblio

Additional Resources